Statystyki dla 1- Człowiek: część 4/6

Kliknij tutaj aby rozwiązać quiz!

Ogólne statystyki

  • Ten quiz został rozwiązany 9 razy
  • Średni wynik to 13 z 45

Statystyki odpowiedzi

HintOdpowiedź% Poprawnych
uczciwyhonest
67%
odważnybrave
56%
emocjeemotions
56%
uczuciefeeling
56%
śmiesznyfunny
56%
szczęśliwyhappy
56%
punktualnypunctual
56%
aroganckiarrogant
44%
znudzonybored
44%
zainteresowanyinterested
44%
optymistycznyoptimistic
44%
poważnyserious
44%
ambitnyambitious
33%
spokójcalm
33%
pewny siebieconfident
33%
nieuczciwydishonest
33%
zażenowanyembarrassed
33%
pracowity, ciężka pracahard-working
33%
wiernyloyal
33%
cierpliwypatient
33%
pesymistycznypessimistic
33%
grzecznypolite
33%
gadatliwytalkative
33%
tchórzliwycowardly
22%
wyczerpanyexhausted
22%
przestraszonyfrightened
22%
hojnygenerous
22%
niegrzecznyrude
22%
przestraszonyscared
22%
pewny siebieself-confident
22%
zaskoczonysurprised
22%
zdziwionyamazed
11%
przygnębionydepressed
11%
wściekłyfurious
11%
humorystycznyhumorous
11%
Uprzejmykind
11%
niechlujnymessy
11%
kapryśnymoody
11%
niezawodnyreliable
11%
towarzyskisociable
11%
upartystubborn
11%
aroganckibig-headed
0%
cechy charakterucharacter traits
0%
skąpymean
0%
zadowolonypleased
0%

Rozkład punktacji

Percentyl według liczby udzielonych odpowiedzi

Procent ludzi z każdym wynikiem

Twoja historia wyników

Nie rozwiązałeś tego quizu